| Tag |
First Indicator |
Second Indicator |
Subfields |
| LEADER |
00000cgm a2200000Ma 4500 |
| 001 |
in00005574721 |
| 006 |
m o c |
| 007 |
cr |na---||a|a |
| 007 |
vz |za|z| |
| 008 |
140428s2012 nyu004 e o vueng d |
| 005 |
20241201232222.5 |
| 035 |
|
|
|a (OCoLC)ocn890729737
|
| 040 |
|
|
|a ALSTP
|b eng
|e pn
|c ALSTP
|d OCLCO
|d OCLCF
|d OCLCQ
|d OCLCO
|d OCLCA
|d OCLCQ
|d AU@
|d WYU
|d OCLCO
|d OCLCL
|
| 020 |
|
|
|z 9781503454705
|
| 035 |
|
|
|a (OCoLC)890729737
|
| 043 |
|
|
|a n-us---
|
| 050 |
|
4 |
|a HF
|
| 049 |
|
|
|a TXAM
|
| 245 |
0 |
0 |
|a Chris Whitcomb's tax tips for businesses /
|c produced by Bloomberg.
|
| 260 |
|
|
|a New York :
|b Bloomberg,
|c 2012.
|
| 300 |
|
|
|a 1 online resource (4 min.).
|
| 306 |
|
|
|a 000347
|
| 336 |
|
|
|a two-dimensional moving image
|b tdi
|2 rdacontent
|
| 337 |
|
|
|a computer
|b c
|2 rdamedia
|
| 338 |
|
|
|a online resource
|b cr
|2 rdacarrier
|
| 344 |
|
|
|a digital
|2 rda
|
| 347 |
|
|
|a data file
|2 rda
|
| 380 |
|
|
|a Videorecording
|
| 490 |
0 |
|
|a Business and education in video
|
| 500 |
|
|
|a Title from resource description page (viewed Apr. 28, 2014).
|
| 520 |
|
|
|a National Federation of Independent Business Tax Attorney Chris Whitcomb talks about the looming fiscal cliff's possible impact on small business. He speaks on Bloomberg Television's 'Market Makers.'
|
| 546 |
|
|
|a In English.
|
| 650 |
|
0 |
|a Business.
|
| 650 |
|
0 |
|a Debt.
|
| 650 |
|
0 |
|a Financial statements.
|
| 650 |
|
0 |
|a Fiscal policy
|z United States.
|
| 650 |
|
6 |
|a Affaires.
|
| 650 |
|
6 |
|a Dettes.
|
| 650 |
|
6 |
|a Politique fiscale
|z États-Unis.
|
| 650 |
|
7 |
|a Business.
|2 fast
|0 (OCoLC)fst00842262
|
| 650 |
|
7 |
|a Debt.
|2 fast
|0 (OCoLC)fst00888768
|
| 650 |
|
7 |
|a Financial statements.
|2 fast
|0 (OCoLC)fst00924782
|
| 650 |
|
7 |
|a Fiscal policy.
|2 fast
|0 (OCoLC)fst00925806
|
| 651 |
|
7 |
|a United States.
|2 fast
|0 (OCoLC)fst01204155
|1 https://id.oclc.org/worldcat/entity/E39PBJtxgQXMWqmjMjjwXRHgrq
|
| 655 |
|
7 |
|a Television news programs.
|2 fast
|0 (OCoLC)fst01710455
|
| 655 |
|
7 |
|a Television news programs.
|2 lcgft
|
| 655 |
|
7 |
|a Téléjournaux.
|2 rvmgf
|
| 710 |
2 |
|
|a Bloomberg News (Firm)
|4 pro
|
| 856 |
4 |
0 |
|u http://proxy.library.tamu.edu/login?url=https://www.aspresolver.com/aspresolver.asp?BUSV;2351617
|z Connect to this streaming video (Alexander Street Press)
|t 0
|
| 955 |
|
|
|a Alexander Street Press subscription streaming video
|
| 994 |
|
|
|a 92
|b TXA
|
| 999 |
f |
f |
|s 127ccba9-16be-4e59-9373-30d52191dc2c
|i 49a10305-7b2c-48bc-869f-c8caaa5bd546
|t 0
|
| 952 |
f |
f |
|a Texas A&M University
|b College Station
|c Electronic Resources
|d Available Online
|t 0
|e HF
|h Library of Congress classification
|
| 998 |
f |
f |
|a HF
|t 0
|l Available Online
|